[Event "Thüringenliga 2025/26"]
[Site "?"]
[Date "2026.04.26"]
[Round "9.2"]
[White "Kachel, Alfred"]
[Black "Sniegowski, Richard"]
[Result "1/2-1/2"]
[WhiteElo "1835"]
[BlackElo "1961"]
[WhiteFideId "-1"]
[BlackFideId "-1"]
[PlyCount "73"]
[GameId "2303839324081760"]
[EventDate "2025.09.14"]
[EventType "team-tourn"]
[EventRounds "9"]
[SourceTitle "Thueringer Schachbund"]
[Source "ThSB"]
[SourceDate "2025.09.14"]
[SourceVersion "1"]
[SourceVersionDate "2025.09.14"]
[SourceQuality "1"]
[WhiteTeam "SC Rochade Leinefelde"]
[BlackTeam "Meuselwitzer SV"]

{[%evp 0,73,27,25,25,22,12,2,25,6,43,4,31,16,6,12,21,-15,21,26,62,-34,-36,-36,-12,-48,-40,-34,-20,-68,-55,-60,-73,-56,-25,-71,-5,-13,-20,-21,-21,-19,-41,-28,-27,-23,-42,-80,-45,-49,-29,-47,19,19,4,7,7,0,0,8,62,41,46,45,48,14,-1,-7,-15,-21,-21,-25,-5,-6,0,0]} 1. d4 d5 2. Nc3 Nf6 3. Bg5 g6 4. f3 Bg7 5. Qd2 c5 6. e3 O-O 7. Nge2 Nbd7 8. g4 Qa5 9. Bg2 b5 10. O-O b4 11. Nd1 Qb6 12. c3 a5 13. Nf2 e6 14. h3 Ba6 15. Rfe1 cxd4 16. cxd4 Rac8 17. Rac1 Rxc1 18. Rxc1 Rc8 19. Rxc8+ Bxc8 20. Qc2 Ba6 21. Bf1 h6 22. Bf4 Ne8 23. Nd3 g5 24. Bg3 Bf8 25. Bf2 Qc7 26. Qxc7 Nxc7 27. Nec1 Bc4 28. b3 Ba6 29. Bg3 Nb5 30. Nb2 f6 31. Na4 e5 32. Bf2 Kf7 33. Bd3 Nc7 34. Bxa6 Nxa6 35. Kf1 exd4 36. exd4 Bd6 37. Ke2 1/2-1/2

[Event "Thüringenliga 2025/26"]
[Site "?"]
[Date "2026.04.26"]
[Round "9.3"]
[White "Bellmann, Daniel"]
[Black "May, Alexander"]
[Result "1/2-1/2"]
[WhiteElo "1866"]
[BlackElo "1905"]
[WhiteFideId "-1"]
[BlackFideId "-1"]
[PlyCount "100"]
[GameId "2303875016138357"]
[EventDate "2025.09.14"]
[EventType "team-tourn"]
[EventRounds "9"]
[SourceTitle "Thueringer Schachbund"]
[Source "ThSB"]
[SourceDate "2025.09.14"]
[SourceVersion "1"]
[SourceVersionDate "2025.09.14"]
[SourceQuality "1"]
[WhiteTeam "Meuselwitzer SV"]
[BlackTeam "SC Rochade Leinefelde"]

{[%evp 0,100,25,21,64,64,57,58,44,15,8,8,6,14,-4,-6,1,3,40,10,18,12,29,25,67,28,74,79,100,85,111,48,92,65,61,25,29,23,71,96,87,82,76,94,135,142,140,148,151,155,161,166,160,72,70,95,72,61,72,12,56,97,95,0,0,-6,0,0,0,0,0,0,0,0,0,0,0,0,0,0,0,0,17,20,17,15,23,18,24,24,14,0,0,0,0,0,0,0,0,0,0,0,0]} 1. e4 c6 2. d4 d5 3. exd5 cxd5 4. Bd3 Nf6 5. h3 e6 6. Nf3 Bd6 7. O-O O-O 8. Re1 Nbd7 9. c3 a6 10. Nbd2 b5 11. Ne5 Qb6 12. Ndf3 a5 13. Bf4 Be7 14. a3 Ba6 15. b4 axb4 16. axb4 Bb7 17. Qe2 Nxe5 18. Nxe5 Rfc8 19. Rxa8 Bxa8 20. Ra1 Bb7 21. Ra3 Ne4 22. Nd7 Qd8 23. Nc5 Nxc5 24. bxc5 Ra8 25. Rxa8 Qxa8 26. Qb2 Bc6 27. Qb1 Qa5 28. Bxh7+ Kh8 29. Qc2 b4 30. cxb4 Qxb4 31. Be5 Bxc5 32. Bd3 Bxd4 33. Bxd4 Qxd4 34. Qxc6 Qxd3 35. Qe8+ Kh7 36. Qxf7 Qe2 37. g4 Qe5 38. h4 Qe4 39. f3 Qe1+ 40. Kg2 Qxh4 41. Qxe6 Qg5 42. Kg3 Qd2 43. Qf5+ Kg8 44. g5 d4 45. g6 Qe1+ 46. Kf4 Qe3+ 47. Kg3 Qg1+ 48. Kh3 Qh1+ 49. Kg3 Qg1+ 50. Kh3 Qh1+ 1/2-1/2

[Event "Thüringenliga 2025/26"]
[Site "?"]
[Date "2026.04.26"]
[Round "9.4"]
[White "Körner, Jonas"]
[Black "Barth, Jürgen"]
[Result "0-1"]
[WhiteElo "1879"]
[BlackElo "1781"]
[WhiteFideId "-1"]
[BlackFideId "-1"]
[PlyCount "74"]
[GameId "2304180718292630"]
[EventDate "2025.09.14"]
[EventType "team-tourn"]
[EventRounds "9"]
[SourceTitle "Thueringer Schachbund"]
[Source "ThSB"]
[SourceDate "2025.09.14"]
[SourceVersion "1"]
[SourceVersionDate "2025.09.14"]
[SourceQuality "1"]
[WhiteTeam "SC Rochade Leinefelde"]
[BlackTeam "Meuselwitzer SV"]

{[%evp 0,74,22,-16,-11,-42,-32,-31,1,-34,15,4,0,-12,10,23,30,17,19,22,34,27,26,3,19,2,2,10,65,55,70,49,67,55,82,83,88,25,89,42,113,66,91,93,95,100,75,54,61,20,13,16,-17,-149,-164,-166,-107,-450,-471,-463,-418,-466,-482,-501,-509,-593,-469,-559,-459,-643,-646,-721,-545,-651,-854,-835,-857]} 1. c4 Nf6 2. g3 d5 3. Bg2 c6 4. Nf3 g6 5. b3 Bg7 6. Bb2 O-O 7. O-O Nbd7 8. d4 b6 9. Nc3 Bb7 10. Qc2 Qc7 11. e4 dxe4 12. Nxe4 Nxe4 13. Qxe4 Nf6 14. Qe2 Rad8 15. a4 Rfe8 16. a5 Nd7 17. Rfe1 e6 18. h4 Nf6 19. b4 c5 20. dxc5 bxc5 21. b5 Nh5 22. Bxg7 Nxg7 23. Qe5 Qe7 24. g4 f6 25. Qe3 e5 26. Nd2 Bxg2 27. Kxg2 Ne6 28. Nb3 Rd3 29. Qe4 Rxb3 30. Kf1 Nd4 31. Qd5+ Kg7 32. Rad1 Qc7 33. Re3 Rb2 34. f4 Rd8 35. Qe4 Rf8 36. fxe5 fxe5+ 37. Kg1 Rf4 0-1

[Event "Thüringenliga 2025/26"]
[Site "?"]
[Date "2026.04.26"]
[Round "9.5"]
[White "Schmidt, Jens"]
[Black "Meitzner, Johan Eduard"]
[Result "1-0"]
[WhiteElo "1713"]
[BlackElo "1661"]
[WhiteFideId "-1"]
[BlackFideId "-1"]
[PlyCount "67"]
[GameId "2304222453448371"]
[EventDate "2025.09.14"]
[EventType "team-tourn"]
[EventRounds "9"]
[SourceTitle "Thueringer Schachbund"]
[Source "ThSB"]
[SourceDate "2025.09.14"]
[SourceVersion "1"]
[SourceVersionDate "2025.09.14"]
[SourceQuality "1"]
[WhiteTeam "Meuselwitzer SV"]
[BlackTeam "SC Rochade Leinefelde"]

{[%evp 0,67,22,14,21,24,27,19,12,15,12,17,3,8,3,10,6,-2,-1,-4,2,-8,-8,-21,11,8,34,35,77,86,78,74,78,62,107,106,312,315,387,211,212,235,217,201,203,208,209,182,212,198,194,203,203,204,262,209,227,227,235,245,303,326,356,363,364,485,29991,29992,29993,29994]} 1. d4 Nf6 2. Nf3 e6 3. e3 Be7 4. Bd3 d5 5. Nbd2 O-O 6. O-O b6 7. b3 Bb7 8. Bb2 Nbd7 9. Ne5 Nxe5 10. dxe5 Nd7 11. c4 c6 12. f4 f6 13. Nf3 f5 14. Nd4 Nc5 15. Be2 Qd7 16. Rc1 Rac8 17. cxd5 cxd5 18. Bb5 Bc6 19. Bxc6 Rxc6 20. Nxc6 Qxc6 21. b4 Qb5 22. bxc5 Qxb2 23. cxb6 axb6 24. Qb3 Qxb3 25. axb3 Bc5 26. Kf2 g5 27. Ke2 gxf4 28. exf4 Rd8 29. Ra1 d4 30. Kd3 Kf7 31. Ra7+ Kg6 32. Rf3 h6 33. Rg3+ Kh5 34. Rag7 1-0

[Event "Thüringenliga 2025/26"]
[Site "?"]
[Date "2026.04.26"]
[Round "9.6"]
[White "Frank, Thomas"]
[Black "Große, Frank"]
[Result "1-0"]
[WhiteElo "1831"]
[BlackElo "1742"]
[WhiteFideId "-1"]
[BlackFideId "-1"]
[PlyCount "65"]
[GameId "2304249235234486"]
[EventDate "2025.09.14"]
[EventType "team-tourn"]
[EventRounds "9"]
[SourceTitle "Thueringer Schachbund"]
[Source "ThSB"]
[SourceDate "2025.09.14"]
[SourceVersion "1"]
[SourceVersionDate "2025.09.14"]
[SourceQuality "1"]
[WhiteTeam "SC Rochade Leinefelde"]
[BlackTeam "Meuselwitzer SV"]

{[%evp 0,65,28,19,27,-10,34,20,15,18,28,23,37,1,22,22,70,65,137,6,-2,8,7,1,31,49,26,45,89,70,152,148,138,89,102,91,111,103,118,111,103,98,87,84,89,72,92,78,115,74,90,86,71,70,78,41,110,12,27,18,24,3,5,27,144,154,359,367]} 1. d4 Nf6 2. c4 e5 3. dxe5 Ng4 4. Bf4 Bb4+ 5. Nd2 d6 6. Ngf3 Nc6 7. exd6 Qf6 8. e3 Qxb2 9. Qc1 Qxc1+ 10. Rxc1 cxd6 11. Be2 Be6 12. O-O Nge5 13. Rfd1 Ke7 14. Nd4 Na5 15. Nxe6 Kxe6 16. Nb3 Nxb3 17. axb3 Rhd8 18. Rd5 a5 19. Rcd1 f6 20. Rb5 Rab8 21. h3 g6 22. h4 Rdc8 23. Rbd5 Rc7 24. g4 Ra8 25. Bg3 Bc5 26. Kg2 a4 27. f4 Nf7 28. f5+ Ke7 29. bxa4 Rxa4 30. Kf3 Ra3 31. R1d3 Ne5+ 32. Bxe5 dxe5 33. Rxc5 1-0

[Event "Thüringenliga 2025/26"]
[Site "?"]
[Date "2026.04.26"]
[Round "9.7"]
[White "Schmidt, Jörg"]
[Black "Hellrung, Bernhard"]
[Result "1/2-1/2"]
[WhiteElo "1720"]
[BlackElo "1730"]
[WhiteFideId "-1"]
[BlackFideId "-1"]
[PlyCount "75"]
[GameId "2304332335058627"]
[EventDate "2025.09.14"]
[EventType "team-tourn"]
[EventRounds "9"]
[SourceTitle "Thueringer Schachbund"]
[Source "ThSB"]
[SourceDate "2025.09.14"]
[SourceVersion "1"]
[SourceVersionDate "2025.09.14"]
[SourceQuality "1"]
[WhiteTeam "Meuselwitzer SV"]
[BlackTeam "SC Rochade Leinefelde"]

{[%evp 0,75,28,27,85,67,88,72,63,59,63,67,43,11,30,18,34,7,43,-3,15,6,4,2,-6,13,60,-24,-24,-33,15,-26,-46,-76,-63,-82,-82,-94,-93,-116,-92,-92,-93,-101,-99,-128,-107,-111,-100,-117,-114,-187,-91,-86,-89,-86,-77,-66,-23,-38,-23,-31,-31,-9,-18,-14,-19,-5,0,-1,0,-1,0,-11,0,0,0,-8]} 1. e4 d6 2. d4 Nf6 3. Nc3 Nbd7 4. Nf3 e5 5. dxe5 dxe5 6. Bg5 c6 7. Qd2 Qc7 8. a3 a5 9. Bd3 Be7 10. O-O O-O 11. Bh4 Nc5 12. Bg3 Nxd3 13. Qxd3 Nd7 14. Qe2 Bf6 15. Rab1 b5 16. b4 axb4 17. axb4 Nb6 18. Nd2 Be6 19. Qe3 Nc4 20. Nxc4 Bxc4 21. Rfd1 Qe7 22. Qb6 Ra3 23. Qe3 Rfa8 24. Qd2 h6 25. Ne2 Ra2 26. Nc1 Ra1 27. Nd3 Rxb1 28. Rxb1 Rd8 29. Qc3 Bxd3 30. cxd3 Qd6 31. Rb3 Ra8 32. h3 Ra4 33. f3 Qe6 34. Ra3 Kh7 35. Rb3 g6 36. Rb2 Bg7 37. Rc2 Qd6 38. Rb2 1/2-1/2

[Event "Thüringenliga 2025/26"]
[Site "?"]
[Date "2026.04.26"]
[Round "9.8"]
[White "Pfitzenreuter, Gerald"]
[Black "Kohl, Torsten"]
[Result "1-0"]
[WhiteElo "1852"]
[BlackElo "1549"]
[WhiteFideId "-1"]
[BlackFideId "-1"]
[PlyCount "97"]
[GameId "2304361661312746"]
[EventDate "2025.09.14"]
[EventType "team-tourn"]
[EventRounds "9"]
[SourceTitle "Thueringer Schachbund"]
[Source "ThSB"]
[SourceDate "2025.09.14"]
[SourceVersion "1"]
[SourceVersionDate "2025.09.14"]
[SourceQuality "1"]
[WhiteTeam "SC Rochade Leinefelde"]
[BlackTeam "Meuselwitzer SV"]

{[%evp 0,97,24,27,27,23,25,-15,-3,-12,-2,-3,9,5,14,15,45,23,24,31,42,50,56,26,69,64,71,78,80,63,70,82,83,43,115,93,68,60,143,143,343,336,346,126,130,114,109,109,110,87,138,113,101,118,124,106,105,108,106,96,155,94,95,87,119,126,142,102,131,141,158,163,152,165,174,178,171,171,178,146,171,119,248,189,272,226,307,330,349,355,368,369,361,362,461,504,591,597,638,636]} 1. d4 d5 2. Nf3 Nf6 3. c4 e6 4. cxd5 exd5 5. Bg5 Be7 6. Nc3 O-O 7. e3 c6 8. Qc2 Nbd7 9. Bd3 Re8 10. O-O Nf8 11. Rab1 Nh5 12. Bxe7 Rxe7 13. b4 a6 14. Rfc1 g6 15. a4 Ne6 16. Qb3 Kg7 17. b5 axb5 18. axb5 c5 19. Qxd5 cxd4 20. Qxd8 Nxd8 21. Nxd4 Nf6 22. Ra1 Rxa1 23. Rxa1 Rc7 24. Ra3 Be6 25. f3 Bc4 26. Bxc4 Rxc4 27. Kf2 Ne6 28. Nxe6+ fxe6 29. Ke2 Nd7 30. Kd2 Nc5 31. Ra8 Rb4 32. Kc2 h5 33. Rd8 Rc4 34. Rd4 Rxd4 35. exd4 Nd7 36. Ne4 b6 37. h4 Kf7 38. Nd6+ Ke7 39. Nc4 Kf6 40. g4 Kg7 41. Kd3 Kf6 42. Ke4 Ke7 43. g5 Ke8 44. Ne5 Nf8 45. d5 Ke7 46. Kd4 Kd6 47. Nc4+ Kc7 48. d6+ Kd7 49. Ke5 1-0

[Event "Thüringenliga 2025/26"]
[Site "?"]
[Date "2026.04.26"]
[Round "9.1"]
[White "Franke, Luca"]
[Black "Aniol, Adrian"]
[Result "1-0"]
[WhiteElo "2061"]
[BlackElo "1896"]
[WhiteFideId "-1"]
[BlackFideId "-1"]
[PlyCount "77"]
[GameId "2303465789911238"]
[EventDate "2025.09.14"]
[EventType "team-tourn"]
[EventRounds "9"]
[SourceTitle "Thueringer Schachbund"]
[Source "ThSB"]
[SourceDate "2025.09.14"]
[SourceVersion "1"]
[SourceVersionDate "2025.09.14"]
[SourceQuality "1"]
[WhiteTeam "SV 1861 Liebschwitz"]
[BlackTeam "VfL 1990 Gera"]

{[%evp 0,34,27,16,63,63,55,33,45,45,45,45,40,45,37,12,12,-19,20,9,3,6,31,0,0,-13,-9,10,36,8,28,34,36,16,38,0,-2]} 1. e4 c5 2. Nf3 Nc6 3. d4 cxd4 4. Nxd4 Nf6 5. Nc3 e5 6. Ndb5 d6 7. Bg5 a6 8. Na3 b5 9. Bxf6 gxf6 10. Nd5 f5 11. exf5 Bxf5 12. c3 Be6 13. Nc2 Bh6 14. Qh5 Bxd5 15. Qxh6 Qe7 16. Ne3 Qe6 17. Qg5 Ne7 18. Be2 Rg8 19. Qh5 Be4 20. a4 Ng6 21. axb5 Nf4 22. Qh4 Qb3 23. Bc4 Qxb2 24. O-O d5 25. Qf6 Nxg2 26. Qc6+ Ke7 27. Qc7+ Ke8 28. Qc6+ Ke7 29. Qb7+ Kf6 30. Rxa6+ Rxa6 31. Qxa6+ Kg5 32. Nxd5 Nh4 33. Nf6 Nf3+ 34. Kh1 Nd2+ 35. Nxe4+ Nxe4 36. h4+ Kxh4 37. Qh6+ Kg4 38. Rg1+ Kf3 39. Qe3# 1-0

[Event "Thüringenliga 2025/26"]
[Site "?"]
[Date "2026.04.26"]
[Round "9.2"]
[White "Aniol, Nico"]
[Black "Zeidler, Andreas"]
[Result "1/2-1/2"]
[WhiteElo "2050"]
[BlackElo "1991"]
[WhiteFideId "-1"]
[BlackFideId "-1"]
[PlyCount "93"]
[GameId "2303468813288483"]
[EventDate "2025.09.14"]
[EventType "team-tourn"]
[EventRounds "9"]
[SourceTitle "Thueringer Schachbund"]
[Source "ThSB"]
[SourceDate "2025.09.14"]
[SourceVersion "1"]
[SourceVersionDate "2025.09.14"]
[SourceQuality "1"]
[WhiteTeam "VfL 1990 Gera"]
[BlackTeam "SV 1861 Liebschwitz"]

{[%evp 0,93,27,-11,-9,-2,-15,-29,-15,-17,-10,-8,-2,-2,12,-5,-1,2,2,-33,-13,-34,-18,-12,-13,-15,-12,-11,-22,-19,-15,-31,-27,-38,-7,-29,-11,-32,-19,-30,-38,-42,-50,-57,-79,-60,-2,6,0,-22,0,0,52,41,112,90,118,114,154,153,180,185,188,196,201,201,268,217,203,198,205,205,332,181,165,110,148,143,143,151,182,176,176,173,182,166,205,203,232,116,116,87,49,64,56,-129]} 1. c4 Nf6 2. Nc3 e5 3. g3 d5 4. cxd5 Nxd5 5. Bg2 Nxc3 6. bxc3 Bd6 7. e4 O-O 8. Ne2 c5 9. d3 Nc6 10. O-O Be6 11. Be3 Qe7 12. Qc2 Rac8 13. Rad1 b5 14. f4 f6 15. fxe5 fxe5 16. Rxf8+ Qxf8 17. Qb1 b4 18. cxb4 Nxb4 19. a3 Nc6 20. Nc3 Rb8 21. Qc1 Rb3 22. a4 a6 23. Nd5 Nb4 24. Qc4 Rb2 25. Rf1 Qc8 26. Bh3 Nxd5 27. Qxd5 Bxd5 28. Bxc8 Bf7 29. Bxa6 Rb4 30. Bb5 c4 31. Rc1 Be6 32. dxc4 Rb3 33. Bf2 Ba3 34. Ra1 Bb4 35. c5 Rc3 36. c6 Ba5 37. Rb1 Kf7 38. Rb2 Bh3 39. Ba7 Rc1+ 40. Kf2 Be1+ 41. Ke3 Bg4 42. Bb8 Bc3 43. Rf2+ Ke7 44. Kd3 Bd4 45. Rc2 Rd1+ 46. Kc4 Rb1 47. Bxe5 1/2-1/2

[Event "Thüringenliga 2025/26"]
[Site "?"]
[Date "2026.04.26"]
[Round "9.3"]
[White "Hermannsdörfer, Frank"]
[Black "Seidens, Gunter"]
[Result "1/2-1/2"]
[WhiteElo "2066"]
[BlackElo "1927"]
[WhiteFideId "-1"]
[BlackFideId "-1"]
[PlyCount "144"]
[GameId "2303471710762526"]
[EventDate "2025.09.14"]
[EventType "team-tourn"]
[EventRounds "9"]
[SourceTitle "Thueringer Schachbund"]
[Source "ThSB"]
[SourceDate "2025.09.14"]
[SourceVersion "1"]
[SourceVersionDate "2025.09.14"]
[SourceQuality "1"]
[WhiteTeam "SV 1861 Liebschwitz"]
[BlackTeam "VfL 1990 Gera"]

{[%evp 0,144,27,-16,-9,-9,2,-35,17,18,15,-66,-27,-101,-45,-25,-30,-19,0,-31,13,12,-5,12,12,14,20,10,32,36,46,37,60,63,55,48,52,26,15,16,16,-211,-220,-208,-206,-223,-199,-188,-200,-266,-262,-275,-238,-262,-178,-178,-201,-228,-228,-198,-198,-220,-248,-241,-219,-336,-337,-410,-290,-282,-296,-339,-314,-409,34,4,4,29,8,12,17,0,79,88,80,72,80,78,118,103,126,133,116,132,127,101,88,83,109,96,118,63,75,88,135,116,140,145,123,104,289,255,261,83,76,76,67,67,67,67,68,62,62,59,62,63,63,63,62,62,61,61,59,63,63,59,63,63,63,60,139,60,60,60,60,60,60]} 1. b3 d5 2. Bb2 Nd7 3. c4 e6 4. e3 Ngf6 5. g4 h6 6. Bg2 Bd6 7. h3 c6 8. Qc2 Qe7 9. a3 Ne5 10. f4 Ng6 11. Nf3 e5 12. f5 Nf8 13. Nc3 e4 14. Nd4 Bg3+ 15. Kd1 N8d7 16. cxd5 cxd5 17. a4 a6 18. Ba3 Bd6 19. Bxd6 Qxd6 20. Ncb5 axb5 21. Nxb5 Qe5 22. Nc7+ Ke7 23. Rc1 Rb8 24. Bf1 Rd8 25. Be2 Qg3 26. Qc3 Qe5 27. Qb4+ Qd6 28. Qc3 Kf8 29. h4 Ne5 30. Nb5 Qe7 31. g5 Nfg4 32. f6 gxf6 33. Rf1 h5 34. gxf6 Nxf6 35. Qc7 Bg4 36. Qb6 Rbc8 37. Rxc8 Rxc8 38. Qxf6 Bxe2+ 39. Kxe2 Qxf6 40. Rxf6 Nd3 41. Nc3 Nc1+ 42. Kd1 Nxb3 43. Rb6 Nc5 44. Rh6 Kg7 45. Rxh5 Kf6 46. Nxd5+ Ke6 47. Nc3 f5 48. Rh7 Rg8 49. Ne2 Ra8 50. Nc3 Nxa4 51. Nb5 Rc8 52. Rxb7 Nb2+ 53. Ke2 Nd3 54. Nd4+ Kf6 55. Rb6+ Kf7 56. Rb5 Rc1 57. Rxf5+ Kg6 58. Rf1 Rxf1 59. Kxf1 Kh5 60. Nf5 Kg4 61. Nd6 Nc5 62. Ke2 Kxh4 63. Kd1 Kg5 64. Kc2 Kf6 65. Kc3 Ke5 66. Nc4+ Kd5 67. Kb4 Nd3+ 68. Kb5 Ne1 69. Nb6+ Ke5 70. Kc4 Nf3 71. Kc3 Kf5 72. Nc4 Ke6 1/2-1/2

[Event "Thüringenliga 2025/26"]
[Site "?"]
[Date "2026.04.26"]
[Round "9.6"]
[White "Drechsel, Uwe"]
[Black "Meissner, Steffen"]
[Result "1-0"]
[WhiteElo "1866"]
[BlackElo "1790"]
[WhiteFideId "-1"]
[BlackFideId "-1"]
[PlyCount "71"]
[GameId "2304339981058066"]
[EventDate "2025.09.14"]
[EventType "team-tourn"]
[EventRounds "9"]
[SourceTitle "Thueringer Schachbund"]
[Source "ThSB"]
[SourceDate "2025.09.14"]
[SourceVersion "1"]
[SourceVersionDate "2025.09.14"]
[SourceQuality "1"]
[WhiteTeam "VfL 1990 Gera"]
[BlackTeam "SV 1861 Liebschwitz"]

{[%evp 0,40,21,16,63,45,46,45,45,40,45,45,37,-5,-8,-23,22,-13,-13,-13,-17,-51,-37,-53,-51,-52,-74,-69,-77,-78,-76,-103,-95,-110,162,155,181,184,179,189,192,192,222]} 1. e4 c5 2. Nf3 Nc6 3. d4 cxd4 4. Nxd4 Nf6 5. Nc3 e5 6. Nxc6 bxc6 7. a3 h6 8. Be2 d5 9. exd5 cxd5 10. Bb5+ Bd7 11. Qe2 Bd6 12. O-O O-O 13. Bxd7 Qxd7 14. Rd1 Qe6 15. b4 Rac8 16. Bb2 Rc4 17. Nxd5 Rfc8 18. Ne3 R4c6 19. c4 Bb8 20. c5 Nh7 21. Qc4 Qg6 22. Nd5 Re6 23. Re1 Ng5 24. Re3 e4 25. Kf1 Bxh2 26. g3 Nf3 27. Kg2 Bxg3 28. fxg3 Qg5 29. Nf4 Rce8 30. Qe2 R6e7 31. Rd1 Nh4+ 32. Kf2 Nf5 33. Bc1 Nxe3 34. Bxe3 Qf5 35. Kg2 Rd7 36. g4 1-0

[Event "Thüringenliga 2025/26"]
[Site "?"]
[Date "2026.04.26"]
[Round "9.8"]
[White "Loos, Tilda"]
[Black "Reiher, Klaus"]
[Result "1-0"]
[WhiteElo "1784"]
[BlackElo "1680"]
[WhiteFideId "-1"]
[BlackFideId "-1"]
[PlyCount "107"]
[GameId "2304341559382322"]
[EventDate "2025.09.14"]
[EventType "team-tourn"]
[EventRounds "9"]
[SourceTitle "Thueringer Schachbund"]
[Source "ThSB"]
[SourceDate "2025.09.14"]
[SourceVersion "1"]
[SourceVersionDate "2025.09.14"]
[SourceQuality "1"]
[WhiteTeam "VfL 1990 Gera"]
[BlackTeam "SV 1861 Liebschwitz"]

{[%evp 0,43,23,21,21,-16,-13,-15,-6,-1,7,1,-7,-18,-25,-18,6,-13,2,9,7,32,21,10,39,32,48,42,23,3,0,0,17,36,48,8,136,135,146,128,131,133,143,141,141,141]} 1. Nf3 Nf6 2. b3 d5 3. Bb2 c5 4. e3 e6 5. c4 Nc6 6. d4 cxd4 7. exd4 Bb4+ 8. Nbd2 O-O 9. a3 Bxd2+ 10. Qxd2 b6 11. Bd3 Ba6 12. O-O Na5 13. Qc2 Rc8 14. c5 Bxd3 15. Qxd3 Ne4 16. Rac1 f5 17. Rfd1 Rf7 18. Ne5 Rfc7 19. f3 Nf6 20. b4 Nc6 21. Nxc6 Rxc6 22. b5 R6c7 23. c6 Ne8 24. Re1 Qf6 25. Qe3 Nd6 26. a4 Nc4 27. Qe2 Re8 28. f4 Qf8 29. Qc2 Qf6 30. Re2 h6 31. Rce1 Kh8 32. Qc3 Kg8 33. Kh1 Kf7 34. Bc1 Qd8 35. Qh3 Qf6 36. Qd3 Nd6 37. Bd2 Ne4 38. a5 g5 39. axb6 axb6 40. Ra1 g4 41. Be1 Nd6 42. Ra6 Nc4 43. Rea2 h5 44. Kg1 Rec8 45. Bb4 h4 46. Ra7 Kg6 47. Rxc7 Rxc7 48. Ra8 Kh7 49. Rf8 Rf7 50. Rc8 Ra7 51. Qc3 Ra4 52. Rf8 Qg7 53. Rd8 Rxb4 54. Rd7 1-0

[Event "Thüringenliga 2025/26"]
[Site "?"]
[Date "2026.04.26"]
[Round "9.1"]
[White "Machelett, Heiko"]
[Black "Junge, Mattheo Gabriel"]
[Result "1/2-1/2"]
[WhiteElo "2290"]
[BlackElo "1945"]
[WhiteFideId "-1"]
[BlackFideId "-1"]
[PlyCount "144"]
[GameId "2306054587408506"]
[EventDate "2025.09.14"]
[EventType "team-tourn"]
[EventRounds "9"]
[SourceTitle "Thueringer Schachbund"]
[Source "ThSB"]
[SourceDate "2025.09.14"]
[SourceVersion "1"]
[SourceVersionDate "2025.09.14"]
[SourceQuality "1"]
[WhiteTeam "TSG Apolda"]
[BlackTeam "SV Schott Jena"]

{[%evp 0,82,27,21,21,0,49,33,57,23,33,-8,10,16,12,19,28,39,36,12,47,27,19,18,18,11,7,-11,53,73,91,84,109,112,144,187,216,213,253,311,339,259,228,229,303,318,388,205,305,272,332,401,367,265,399,151,143,108,108,106,113,106,112,99,104,108,100,108,145,120,133,126,138,107,115,92,92,96,92,92,94,96,99,99,99]} 1. d4 Nf6 2. c4 g6 3. Nc3 Bg7 4. e4 d6 5. Bd3 O-O 6. Nge2 e5 7. d5 Nh5 8. O-O f5 9. exf5 gxf5 10. Ng3 Nxg3 11. fxg3 e4 12. Bc2 Nd7 13. g4 fxg4 14. Nxe4 Rxf1+ 15. Qxf1 Qf8 16. Qe2 Ne5 17. Bg5 h6 18. Rf1 Qe8 19. Bxh6 Bd7 20. Bxg7 Kxg7 21. Qe3 Qe7 22. Rf6 Nf7 23. Qf2 Re8 24. h3 Ng5 25. Qh4 Nf7 26. Qf2 Ng5 27. Qf4 Qe5 28. h4 Qxf4 29. Rxf4 Nxe4 30. Bxe4 g3 31. Kf1 b5 32. Bd3 Re3 33. Be2 c6 34. cxb5 cxd5 35. Rd4 Re4 36. Rxd5 Rxh4 37. Rg5+ Kf6 38. Rxg3 Rb4 39. b3 Bxb5 40. Bxb5 Rxb5 41. Ke2 Rh5 42. Kd3 Rh4 43. Rg8 a5 44. Rf8+ Ke6 45. Kc3 a4 46. b4 d5 47. a3 Rc4+ 48. Kb2 Rg4 49. Rf2 Kd6 50. Rc2 Rg3 51. Ka2 Kd7 52. b5 Rb3 53. Rc5 Kd6 54. Rc6+ Kd7 55. Ra6 Rxb5 56. Rxa4 Kd6 57. Rb4 Rc5 58. Kb2 Ke5 59. a4 Rc6 60. a5 Ra6 61. Ra4 d4 62. Kb3 Ke4 63. Kc4 Ra8 64. Kc5 Ke3 65. Kb6 d3 66. a6 d2 67. Ra3+ Ke2 68. Ra2 Ke1 69. Ra1+ d1=Q 70. Rxd1+ Kxd1 71. a7 Ke2 72. g4 Rg8 1/2-1/2

[Event "Thüringenliga 2025/26"]
[Site "?"]
[Date "2026.04.26"]
[Round "9.2"]
[White "Abou Wally, Adrian"]
[Black "Kroh, Christian"]
[Result "0-1"]
[WhiteElo "1923"]
[BlackElo "1870"]
[WhiteFideId "-1"]
[BlackFideId "-1"]
[PlyCount "64"]
[GameId "2306054587457659"]
[EventDate "2025.09.14"]
[EventType "team-tourn"]
[EventRounds "9"]
[SourceTitle "Thueringer Schachbund"]
[Source "ThSB"]
[SourceDate "2025.09.14"]
[SourceVersion "1"]
[SourceVersionDate "2025.09.14"]
[SourceQuality "1"]
[WhiteTeam "SV Schott Jena"]
[BlackTeam "TSG Apolda"]

{[%evp 0,64,23,25,68,76,76,76,69,29,42,43,43,37,37,29,35,13,14,22,40,33,61,9,9,8,10,9,13,7,46,61,29,13,47,0,11,-67,27,27,49,26,77,33,19,42,81,39,184,0,0,0,0,-153,-109,-128,-115,-108,-145,-176,-183,-188,-187,-200,-216,-220,-222]} 1. e4 c6 2. d4 d5 3. e5 Bf5 4. h4 h5 5. Bd3 Bxd3 6. Qxd3 e6 7. Ne2 Ne7 8. Nd2 Nd7 9. Nf3 Qa5+ 10. Bd2 Qb5 11. O-O Qxd3 12. cxd3 Nf5 13. b4 Be7 14. g3 f6 15. Nf4 Kf7 16. Rfe1 Rae8 17. a4 Bd8 18. Rec1 Bb6 19. Ne2 Rc8 20. Ra2 Rhf8 21. Kg2 a6 22. Rac2 Rc7 23. b5 Rfc8 24. a5 cxb5 25. Rxc7 Bxc7 26. Bb4 Ne7 27. Nf4 Nc6 28. Bd2 Rh8 29. Re1 Nf8 30. Rc1 Ng6 31. Nxg6 Kxg6 32. Re1 Re8 0-1